Výpočet teploty mikroprocesora pri rôznych pracovných podmienkach

Saved in:
Bibliographic Details
Main Author: Banyár, Kornel (Author)
Other Authors: Šulko, Miroslav (Thesis advisor)
Format: Manuscript Book
Language:Slovak
Published: 2023
Subjects:
Online Access:http://is.stuba.sk/zp/portal_zp.pl?podrobnosti=180079
Tags: Add Tag
No Tags, Be the first to tag this record!

MARC

LEADER 00000ntm a22000003a 4500
001 stuzp94742
003 SK-STU
005 20230909223035.3
007 ta
008 150427s2015----xo-----f-mn---000-0-slo-d
040 |a STU  |b slo 
041 0 |a slo 
100 1 |a Banyár, Kornel  |u 020010  |4 aut  |U SjF Strojnícka fakulta  |T SjF Ústav aplikovanej mechaniky a mechatroniky  |X 98596  |U J0010  |Y 801  |7 98596 
242 0 1 |a Calculation of microprocessor temperature at different operating conditions  |y eng 
245 1 0 |a Výpočet teploty mikroprocesora pri rôznych pracovných podmienkach 
260 |c 2023 
650 4 |a ANSYS  |2 slo 
650 4 |a procesor  |2 slo 
650 4 |a tepelný výkon  |2 slo 
650 4 |a chladič  |2 slo 
650 4 |a simulácia  |2 slo 
650 4 |a ANSYS  |2 eng 
650 4 |a processor  |2 eng 
650 4 |a thermal design power  |2 eng 
650 4 |a cooler  |2 eng 
650 4 |a simulation  |2 eng 
700 1 |a Šulko, Miroslav  |u 020010  |k Z1  |4 ths  |U SjF Strojnícka fakulta  |T SjF Ústav aplikovanej mechaniky a mechatroniky  |X 2207  |U J0010  |Y 801  |7 A000002207 
856 4 |u http://is.stuba.sk/zp/portal_zp.pl?podrobnosti=180079